| 000 | 01140cam a2200325 i 4500 | ||
|---|---|---|---|
| 001 | 27354 | ||
| 003 | Mx-PuUPA | ||
| 005 | 20230930104914.0 | ||
| 008 | 140415s1997 mx gr 000 0 spa d | ||
| 020 | _a9683663206 | ||
| 040 |
_cMx-PuUPA _aMx-PuUPA _bspa _dMx-PuUPA _erda |
||
| 041 | 0 | _aspa | |
| 245 | 0 | 0 |
_aBreviario político de la globalización / _cJosé Luis Orozco y Consuelo Dávila, coordinadores |
| 250 | _aPrimera edición | ||
| 264 | 1 |
_aMéxico, D. F. : _bDistribuciones Fontamara, _c1997 |
|
| 300 |
_a479 páginas ; _c21 cm |
||
| 336 |
_2rdacontent _atexto _btxt |
||
| 337 |
_2rdamedia _asin medio _bn |
||
| 338 |
_2rdacarrier _avolumen _bnc |
||
| 490 | 0 |
_aColección Fontamara ; _v211 |
|
| 650 | 7 |
_2armarc _aGlobalización |
|
| 650 | 7 |
_2armarc _aRelaciones internacionales _vDiccionarios |
|
| 650 | 7 |
_2armarc _aCiencias políticas _vDiccionarios |
|
| 700 | 1 |
_aOrozco, José Luis, _eeditor |
|
| 700 | 1 |
_aDávila, Consuelo, _eeditor |
|
| 942 |
_2ddc _cLI _h338.9103 _iB828 |
||
| 999 |
_c27354 _d27354 |
||